000 00782nam a2200241Ia 4500
005 20250425162844.0
008 250425s9999 xx 000 0 und d
020 _a9789942074485
041 _aspa
082 _a330.9866
_pSEC
110 _aSecretaria Nacional de Planificación y Desarrollo
245 0 _aBuen vivir: Plan Nacional 2013 - 2017 Todo el mundo mejor
_cSecretaria Nacional de Planificación y Desarrollo
250 _aSEMPLADES
260 _aQuito
_bSEMPLADES
_c2013
300 _a592 paginas
500 _aContiene índice, figuras, anexos,graficos
504 _aContiene bibliográfia
650 _aPlan plurianual de inversión pública
650 _aPlanificación del futuro
902 _aBibliográfico
_cImpreso
942 _c01
010 _a114385
999 _c237834
_d237834